000 00973nas a2200313 4500
001 BR2011001793
003 BR-BrBNA
005 20231205114908.0
007 ta
008 230509b bl.|||p| |||| 00| 00por d
040 _aBR-BrBNA
_bpor
_cBiblioteca Nacional de Agricultura
041 _a(Pt)
072 _aF61; F04
100 1 _aLima, M.C.
100 1 _aAmarante, L. do
100 1 _aMariot, M.P.
100 1 _aSerpa, R.
245 1 _aCrescimento e produção de pigmentos fotossintéticos em Achillea millefolium L. cultivada sob diferentes níveis de sombreamento e doses de nitrogênio
650 _aADUBAÇÃO
650 _aNITROGÊNIO
650 _aCRESCIMENTO
650 _aSOMBREAMENTO
650 _aPLANTA MEDICINAL
650 _aMIL FOLHAS
650 _aFOTOSSÍNTESE
773 0 _tCiência Rural (Brazil)
_xISSN 0103-8478
_g(Jan 2011), v. 41(1) p. 45-50
_wBR2011001793
909 _a202311
_bLúcia
_c55
_dLúcia Elande
942 _2AGRIS
_n0
_cANA
999 _c211074
_d211074